000 01136nam0a2200265 i 4500
001 RU\NLR\BIBL_A\011330769
005 20241105193641.0
035 _a(NLR Aleph) 011330769
090 _a11132761
_c11132761
100 _a20170217d2017 u y0rusy50 ca
101 0 _arus
102 _aRU
105 _aacbhz 00zb
200 1 _a«В каждой семье есть свой герой...»
_e(о боевом пути Ничикова Петра Васильевича)
_gА. В. Ничиков
210 _aСанкт-Петербург
_cИО СПбИТМО
_d2017
215 _a189 с.
_cил., цв. ил., портр., карт., факс.
_d24
320 _aБиблиогр.: с. 186-187 (50 назв.)
600 1 _aНичиков
_bП.В.
_f1920 - 1944
_gПётр Васильевич
_92315405
_3RU\NLR\AUTH\6601610815
686 1 _aЦ35(2)722-52-243дНичиков
700 1 _aНичиков
_bА. В.
_gАлександр Викторович
702 1 _aНичиков
_bП. В.
_f1920-1944
_gПетр Васильевич
_4570
942 _cBOOK
980 _aNBR